00625nab a2200193 uc450000100070000000500170000700800410002403500110006503500210007604000130009704100080011010000360011824500600015465000300021465000190024465000270026365000310029077301100032145037020240201131405.0990610e19960601 spa  a450370 a(OCoLC)819785312 ccomduadb aspa10aGaviria Garzon, Diana4auteaut14aUna mirada retrospectiva con lecciones para el presente 7aGestión ambiental2lemb aLey 99 de 1993 7aPolítica ambiental2 7aEconomía ambiental2lemb0 tPlaneación y Desarrollo (Bogotá)gVol. 27, No. 02, Abr.-Jun. 1996, p. 49-82w258197x0034-8686096163